| 000 | 01777cam a2200277 4500 | ||
|---|---|---|---|
| 001 | ABS63063 | ||
| 008 | 000000n2000 000 0 eng u | ||
| 035 | _a(Sirsi) u109083 | ||
| 100 | _aFleck, J. | ||
| 245 | _aRTPI welcomes new access working group | ||
| 260 | _c2000 | ||
| 490 |
_aPlanning (for the Natural and Built Environment) _v(1392) 27 October 2000, 21(1) |
||
| 520 | _aA new high level working group - the Disabled Persons Transport Advisory Committee (DPTAC) Built Environment Working Group - has been set up to advise government on improving access to the built environment for disabled people. At its first meeting on 30 August the progress of the government's consultation on the draft code of practice on the 2004 provisions of the Disability Discrimination Act (DDA) was discussed. Suggests that with the introduction of the DDA there are likely to be many more planning applications, as employers and service providers adapt their buildings to comply with the Act. Advises local planning authorities to start reviewing their own policies, to ensure that they themselves are not discriminating against disabled people in the way they are providing the planning service. Suggests that the DPTAC working group will be a great asset to those working in the field of planning and access. | ||
| 590 | _aABS | ||
| 650 | _aDISABLED PEOPLE | ||
| 650 | _aDISABILITY DISCRIMINATION ACT | ||
| 650 | _aMANAGEMENT-BUSINESS MANAGEMENT-DISCRIMINATION-DISABILITY DISCRIMINATION-ACCESSIBILITY | ||
| 650 | _aDISCRIMINATION | ||
| 650 | _aACCESSIBLE BUILDINGS | ||
| 650 | _aBUILT ENVIRONMENT | ||
| 650 | _aACCESS | ||
| 650 | _aRTPI | ||
| 650 | _aPLANNING AUTHORITIES | ||
| 690 | _aENVIRONMENTAL AND LAND CONSULTANCY-PLANNING AND DEVELOPMENT | ||
| 942 | _n0 | ||
| 999 |
_c65140 _d65140 |
||